[Event "Aragon-chT Honor Gr II"]
[Site "Aragon"]
[Date "2023.03.04"]
[Round "6.28"]
[White "Ramon Perez, Jose Luis"]
[Black "Sacristan Latorre, Alberto"]
[Result "0-1"]
[WhiteElo "2166"]
[BlackElo "2100"]
[PlyCount "90"]
[EventDate "2023.01.28"]
[EventType "team-tourn"]
[EventRounds "7"]
[EventCountry "ESP"]
[SourceTitle "EXT 2024"]
[Source "ChessBase"]
[SourceDate "2023.10.10"]
[SourceVersion "1"]
[SourceVersionDate "2023.10.10"]
[SourceQuality "1"]
[WhiteTeam "Fraga"]
[BlackTeam "Palacio de Pioneros II"]
[WhiteTeamCountry "ESP"]
[BlackTeamCountry "ESP"]

1. e4 c5 2. Nc3 Nc6 3. Bb5 g6 4. Bxc6 bxc6 5. d3 Bg7 6. f4 d6 7. Nf3 Nf6 8. 0-0 0-0 9. Qe1 Rb8 10. b3 Ba6 11. Bd2 c4 12. dxc4 d5 13. e5 Ng4 14. h3 Nh6 15. Na4 dxc4 16. Ba5 Qe8 17. Rf2 c5 18. Rd1 Qc6 19. Rfd2 Nf5 20. Rd5 Nd4 21. Nxd4 Qxd5 22. Nf5 Qe6 23. Nxg7 Kxg7 24. Nxc5 Qc6 25. Nd7 Bb7 26. Rd2 c3 27. Rf2 Qxd7 28. f5 f6 29. Bxc3 Qc6 30. Bb4 Rbe8 31. exf6+ exf6 32. Bxf8+ Rxf8 33. c4 Re8 34. Qc3 Re5 35. fxg6 hxg6 36. Qd2 Qe6 37. b4 Re1+ 38. Kh2 g5 39. Qd4 Re4 40. Qxa7 Qd6+ 41. Kg1 Qc6 42. Rf3 Re2 43. Qa3 Qxc4 44. Qc3 Rxg2+ 45. Kh1 Qxc3 0-1

[Event "Aragon-chT Honor Gr II"]
[Site "Aragon"]
[Date "2023.02.25"]
[Round "5.23"]
[White "Sacristan Latorre, Alberto"]
[Black "Roque Sola, Jose Luis"]
[Result "0-1"]
[WhiteElo "2100"]
[BlackElo "2217"]
[PlyCount "98"]
[EventDate "2023.01.28"]
[EventType "team-tourn"]
[EventRounds "7"]
[EventCountry "ESP"]
[SourceTitle "EXT 2024"]
[Source "ChessBase"]
[SourceDate "2023.10.10"]
[SourceVersion "1"]
[SourceVersionDate "2023.10.10"]
[SourceQuality "1"]
[WhiteTeam "Palacio de Pioneros II"]
[BlackTeam "Jaime Casas"]
[WhiteTeamCountry "ESP"]
[BlackTeamCountry "ESP"]

1. Nf3 Nf6 2. g3 g6 3. Bg2 Bg7 4. 0-0 0-0 5. c4 d5 6. cxd5 Nxd5 7. d4 Nb6 8. Nc3 Nc6 9. d5 Nb4 10. e4 e6 11. Qb3 Na6 12. Be3 exd5 13. Nxd5 Be6 14. Ng5 Bg4 15. Rfe1 h6 16. h3 Bd7 17. Nf3 Re8 18. Bd4 Bxd4 19. Nxd4 c6 20. Nxb6 Qxb6 21. Rad1 Rad8 22. Qxb6 axb6 23. a3 c5 24. Ne2 Bc6 25. Nc3 b5 26. Nd5 Bxd5 27. exd5 Rxe1+ 28. Rxe1 Kf8 29. f4 b4 30. axb4 Nxb4 31. Rd1 Ke7 32. Kf2 Kd6 33. Ra1 Rd7 34. Rd1 b5 35. Ke3 Re7+ 36. Kd2 c4 37. b3 Kc5 38. bxc4 bxc4 39. Ra1 Kd4 40. d6 Rd7 41. f5 gxf5 42. Ra5 c3+ 43. Kd1 Rxd6 44. Rxf5 Nd3 45. Bf1 Ke4 46. g4 Nb4+ 47. Kc1 Rd2 48. Rxf7 Na2+ 49. Kb1 c2+ 0-1

[Event "Aragon-chT Honor Gr II"]
[Site "Aragon"]
[Date "2021.05.08"]
[Round "7.10"]
[White "Sacristan Latorre, Alberto"]
[Black "Calvo Simon, Jorge"]
[Result "1/2-1/2"]
[WhiteElo "2114"]
[BlackElo "2188"]
[PlyCount "47"]
[EventDate "2021.03.13"]
[EventType "team-tourn"]
[EventRounds "7"]
[EventCountry "ESP"]
[SourceTitle "EXT 2024"]
[Source "ChessBase"]
[SourceDate "2023.10.10"]
[SourceVersion "1"]
[SourceVersionDate "2023.10.10"]
[SourceQuality "1"]
[WhiteTeam "Palacio de Pioneros II"]
[BlackTeam "Helios"]
[WhiteTeamCountry "ESP"]
[BlackTeamCountry "ESP"]

1. e4 d6 2. d4 Nf6 3. Nc3 e5 4. Nf3 Nbd7 5. Bc4 Be7 6. 0-0 0-0 7. a4 c6 8. Ba2 b6 9. Re1 a6 10. Bg5 Rb8 11. dxe5 Nxe5 12. Nxe5 dxe5 13. Qe2 b5 14. axb5 axb5 15. Red1 Qb6 16. Be3 Qc7 17. f3 Kh8 18. Qf2 Nh5 19. Bb3 Nf4 20. Ra7 Rb7 21. Ra8 Rb8 22. Ra7 Rb7 23. Ra8 Rb8 24. Ra7 1/2-1/2

[Event "Aragon-chT Honor Descenso"]
[Site "Aragon"]
[Date "2020.06.27"]
[Round "8.5"]
[White "Sacristan Latorre, Alberto"]
[Black "Accattato Martin, Mario"]
[Result "0-1"]
[WhiteElo "2109"]
[BlackElo "2223"]
[PlyCount "56"]
[EventDate "2020.06.27"]
[EventType "team-tourn"]
[EventRounds "10"]
[EventCountry "ESP"]
[SourceTitle "EXT 2024"]
[Source "ChessBase"]
[SourceDate "2023.10.10"]
[SourceVersion "1"]
[SourceVersionDate "2023.10.10"]
[SourceQuality "1"]
[WhiteTeam "Palacio de Pioneros II"]
[BlackTeam "Monzon"]
[WhiteTeamCountry "ESP"]
[BlackTeamCountry "ESP"]

1. e4 c6 2. c4 e5 3. Nf3 Nf6 4. Nc3 d6 5. d4 Bg4 6. dxe5 Bxf3 7. Qxf3 dxe5 8. Bg5 Nbd7 9. g3 Be7 10. 0-0-0 Qb6 11. Bh3 Nc5 12. Qe2 0-0 13. f4 h6 14. Bh4 Qc7 15. Qe3 Ne6 16. Bxe6 fxe6 17. Rd2 exf4 18. Qxf4 Qa5 19. e5 Nd5 20. Qg4 Bxh4 21. Nxd5 Bg5 22. Qxe6+ Kh8 23. Nf4 Rxf4 24. gxf4 Bxf4 25. Rhd1 Rd8 26. Kb1 Bxd2 27. Qf7 Bg5 28. Rg1 Qxe5 0-1

[Event "Aragon-chT Honor Gr-I"]
[Site "Aragon"]
[Date "2020.02.08"]
[Round "3.25"]
[White "Sacristan Latorre, Alberto"]
[Black "Antonano Fedz Quincoces, Avelino"]
[Result "1-0"]
[WhiteElo "2109"]
[BlackElo "2041"]
[PlyCount "74"]
[EventDate "2020.01.25"]
[EventType "team-tourn"]
[EventRounds "7"]
[EventCountry "ESP"]
[SourceTitle "EXT 2022"]
[Source "ChessBase"]
[SourceDate "2021.10.06"]
[SourceVersion "1"]
[SourceVersionDate "2021.10.06"]
[SourceQuality "1"]
[WhiteTeam "Palacio de Pioneros II"]
[BlackTeam "St Casablanca II"]
[WhiteTeamCountry "ESP"]
[BlackTeamCountry "ESP"]

1. Nf3 c5 2. e4 g6 3. Bc4 Nc6 4. c3 e6 5. 0-0 Bg7 6. d4 cxd4 7. Nxd4 Nf6 8. Re1 0-0 9. Bg5 Qa5 10. Bh4 Nxe4 11. Rxe4 d5 12. Nb3 Qb6 13. Bxd5 exd5 14. Qxd5 Be6 15. Qd2 Bxb3 16. axb3 Qxb3 17. Qe2 f5 18. Qc4+ Qxc4 19. Rxc4 Rfe8 20. Kf1 Re6 21. Nd2 Rae8 22. f4 Bf8 23. Re1 Rxe1+ 24. Bxe1 Re6 25. Ra4 a5 26. Nf3 b5 27. Ra1 Re4 28. g3 h6 29. Rd1 Kf7 30. Rd5 b4 31. Nd2 bxc3 32. Nxe4 cxb2 33. Nc3 a4 34. Rd1 a3 35. Na2 Nd4 36. Rb1 Ke6 37. Bc3 Nf3 1-0

[Event "Andorra op 37th"]
[Site "Escaldes"]
[Date "2019.08.03"]
[Round "8"]
[White "Gaudineau, Eric"]
[Black "Sacristan Latorre, Alberto"]
[Result "0-1"]
[WhiteElo "2372"]
[BlackElo "2091"]
[PlyCount "78"]
[EventDate "2019.07.27"]
[EventType "swiss"]
[EventRounds "9"]
[EventCountry "AND"]
[SourceTitle "CBM 191 Extra"]
[Source "ChessBase"]
[SourceDate "2019.09.30"]
[SourceVersion "1"]
[SourceVersionDate "2019.09.30"]
[SourceQuality "1"]

1. e4 c5 2. Nf3 Nc6 3. d4 cxd4 4. Nxd4 g6 5. Nc3 Bg7 6. Be3 Nf6 7. Bc4 0-0 8. Bb3 Re8 9. 0-0 d6 10. h3 Na5 11. Re1 b6 12. Ba4 Bd7 13. Bg5 Bxa4 14. Nxa4 Rc8 15. b3 d5 16. e5 Ne4 17. Bf4 Nc5 18. Nc3 e6 19. Ncb5 Ne4 20. Nxa7 Nc3 21. Qd3 Rc7 22. Nab5 Nxb5 23. Nxb5 Rc6 24. a4 Nb7 25. Nd4 Rc8 26. Qb5 Qh4 27. Ne2 Nc5 28. Qxb6 Ne4 29. Rac1 g5 30. Bg3 Nxg3 31. Nxg3 Rc3 32. Ne2 Rcc8 33. Qd4 Qh6 34. Ng3 Qg6 35. Re2 f6 36. exf6 Bxf6 37. Qg4 d4 38. Rxe6 d3 39. Rxe8+ Qxe8 0-1

[Event "Las Palmas Montalvo Memorial 9th"]
[Site "Las Palmas"]
[Date "2016.03.23"]
[Round "3"]
[White "Gutierrez Olivares, Daniel"]
[Black "Sacristan Latorre, Alberto"]
[Result "1-0"]
[WhiteElo "2294"]
[BlackElo "2037"]
[PlyCount "57"]
[EventDate "2016.03.21"]
[EventType "swiss"]
[EventRounds "9"]
[EventCountry "ESP"]
[SourceTitle "CBM 171 Extra"]
[Source "ChessBase"]
[SourceDate "2016.04.26"]
[SourceVersion "1"]
[SourceVersionDate "2016.04.26"]
[SourceQuality "1"]

1. d4 Nf6 2. c4 g6 3. f3 Bg7 4. e4 d6 5. Ne2 0-0 6. Be3 c5 7. d5 b5 8. cxb5 a6 9. Nec3 Nbd7 10. Nd2 Nb6 11. a4 axb5 12. Bxb5 e6 13. dxe6 fxe6 14. 0-0 Nh5 15. a5 Bd4 16. Bxd4 cxd4 17. Ne2 Nd7 18. Nc4 e5 19. Nxd6 Rxa5 20. Qb3+ Kg7 21. Rxa5 Qxa5 22. Nxc8 Nc5 23. Qd5 Qxb5 24. Qxe5+ Nf6 25. Nxd4 Qd7 26. Nb6 Qa7 27. Qxc5 Rb8 28. Ne6+ Kf7 29. Nd5 1-0

[Event "Aragon-chT Honor Descenso"]
[Site "Aragon"]
[Date "2015.03.21"]
[Round "9.27"]
[White "Sacristan Latorre, Alberto"]
[Black "Gella Lopez, Angel"]
[Result "1/2-1/2"]
[WhiteElo "2021"]
[BlackElo "2089"]
[PlyCount "117"]
[EventDate "2015.02.21"]
[EventType "team-tourn"]
[EventRounds "10"]
[EventCountry "ESP"]
[SourceTitle "EXT 2017"]
[Source "ChessBase"]
[SourceDate "2016.10.25"]
[SourceVersion "1"]
[SourceVersionDate "2016.10.25"]
[SourceQuality "1"]
[WhiteTeam "Cerbuna CMU"]
[BlackTeam "Huesca Club Atletismo"]
[WhiteTeamCountry "ESP"]
[BlackTeamCountry "ESP"]

1. e4 c5 2. c3 Nf6 3. e5 Nd5 4. d4 cxd4 5. cxd4 e6 6. Nf3 b6 7. Bd3 Bb7 8. 0-0 d6 9. Nc3 Nxc3 10. bxc3 Be7 11. Bb5+ Nc6 12. d5 exd5 13. Qxd5 Rc8 14. Ba3 dxe5 15. Qxe5 Kf8 16. Bxe7+ Qxe7 17. Qf5 g6 18. Qf4 Kg7 19. Rae1 Qf6 20. Qxf6+ Kxf6 21. Re4 Rhd8 22. Bc4 Rc7 23. Rfe1 Na5 24. Rf4+ Kg7 25. Bf1 Rxc3 26. Re7 Rf8 27. Ne5 Bd5 28. a4 Rc1 29. f3 a6 30. Kf2 Nc6 31. Nxc6 Bxc6 32. Bxa6 Bd5 33. Rd4 Rc2+ 34. Kg3 Be6 35. Rd6 Bb3 36. Bb5 Ra2 37. Rxb6 Bxa4 38. Bc4 Rc2 39. Rc7 h5 40. Rbb7 Be8 41. h4 Rd2 42. Kh3 Rd1 43. Bb3 Rh1+ 44. Kg3 Re1 45. Kf2 Rh1 46. Kg3 Re1 47. Bd5 Rd1 48. Bc4 Rd6 49. Re7 Rf6 50. Rbc7 Ba4 51. Bd5 Bb5 52. Bb3 Be8 53. Rb7 Bc6 54. Rbc7 Be8 55. Ra7 Bb5 56. Bd5 Be8 57. f4 Bb5 58. Kf3 Bd3 59. g3 1/2-1/2

[Event "Aragon-chT Honor GrB"]
[Site "Aragon"]
[Date "2015.02.21"]
[Round "5.27"]
[White "Quintin Navarro, Alberto"]
[Black "Sacristan Latorre, Alberto"]
[Result "1-0"]
[WhiteElo "2331"]
[BlackElo "2021"]
[PlyCount "121"]
[EventDate "2015.01.24"]
[EventType "team-tourn"]
[EventRounds "7"]
[EventCountry "ESP"]
[SourceTitle "EXT 2017"]
[Source "ChessBase"]
[SourceDate "2016.10.25"]
[SourceVersion "1"]
[SourceVersionDate "2016.10.25"]
[SourceQuality "1"]
[WhiteTeam "St Casablanca"]
[BlackTeam "Cerbuna CMU"]
[WhiteTeamCountry "ESP"]
[BlackTeamCountry "ESP"]

1. d4 Nf6 2. Nf3 d5 3. c4 e6 4. g3 a6 5. Bg2 dxc4 6. 0-0 Nc6 7. Bg5 Be7 8. e3 h6 9. Bxf6 Bxf6 10. Nfd2 Na5 11. Qa4+ c6 12. Nxc4 Nxc4 13. Qxc4 0-0 14. Nc3 Bd7 15. Rfd1 Rc8 16. Ne4 Be7 17. Rac1 Qc7 18. Nc5 Rfd8 19. e4 Qb6 20. e5 Bxc5 21. Qxc5 Qxb2 22. Rb1 Qe2 23. Qc3 b5 24. a3 Qg4 25. Qa5 Ra8 26. Rbc1 Be8 27. h3 Qh5 28. Kh2 Rdc8 29. f4 Qe2 30. Qc3 a5 31. Rd2 Qh5 32. Qc5 Qf5 33. Qe7 a4 34. Re1 Qh7 35. Be4 g6 36. Qc5 Qg7 37. g4 Qf8 38. Qc3 Rab8 39. f5 b4 40. Qe3 b3 41. Rf2 Qg7 42. Ree2 Rc7 43. h4 c5 44. h5 exf5 45. gxf5 g5 46. f6 Qf8 47. Bb1 Kh8 48. Qe4 Qg8 49. d5 c4 50. e6 c3 51. d6 Rc6 52. Qd4 c2 53. Bxc2 bxc2 54. Rxc2 Rxc2 55. Rxc2 Rd8 56. d7 Bxd7 57. exd7 Qf8 58. Rc3 Rb8 59. Qe5 Rd8 60. Qe7 Qg8 61. Qxd8 1-0

[Event "Almansa op-A"]
[Site "Almansa"]
[Date "2014.08.08"]
[Round "6"]
[White "Fernandez Barrera, Victor"]
[Black "Sacristan Latorre, Alberto"]
[Result "1-0"]
[WhiteElo "2284"]
[BlackElo "2066"]
[PlyCount "109"]
[EventDate "2014.08.05"]
[EventType "swiss"]
[EventRounds "9"]
[EventCountry "ESP"]
[SourceTitle "EXT 2019"]
[Source "ChessBase"]
[SourceDate "2018.10.10"]
[SourceVersion "1"]
[SourceVersionDate "2018.10.10"]
[SourceQuality "1"]

1. e4 c5 2. Nf3 d6 3. Bb5+ Bd7 4. Bxd7+ Qxd7 5. c4 g6 6. 0-0 Bg7 7. d4 cxd4 8. Nxd4 Nc6 9. Be3 Nf6 10. f3 0-0 11. Nc3 a6 12. Na4 Qc7 13. Rc1 Nd7 14. Qd2 Rac8 15. Ne2 Rfd8 16. Rfd1 Nc5 17. Nac3 Qa5 18. b3 Qb4 19. Nd5 Qxd2 20. Rxd2 Kf8 21. Nb6 Rc7 22. Rcd1 Ne5 23. Nf4 Rc6 24. Nbd5 Ne6 25. Nxe6+ fxe6 26. Nb4 Rcc8 27. Nd3 Rd7 28. Nc5 dxc5 29. Rxd7 Nxd7 30. Rxd7 b5 31. Rb7 bxc4 32. bxc4 Bd4 33. Kf2 Rc6 34. Ke2 Bxe3 35. Kxe3 Kf7 36. a4 e5 37. a5 Kf6 38. h4 Ke6 39. g3 Kf6 40. Rb8 h6 41. h5 g5 42. Rf8+ Kg7 43. Rb8 Kf7 44. Rh8 Kg7 45. Rd8 Kf7 46. Ra8 Kg7 47. Ra7 Kf6 48. Rb7 Kf7 49. Rb8 Kg7 50. Rb6 Rf6 51. Rb7 Rc6 52. Rxe7+ Kf6 53. Rb7 g4 54. fxg4 Kg5 55. Rg7+ 1-0

[Event "Aragon-chT Preferente Ascenso"]
[Site "Zaragoza"]
[Date "2014.03.30"]
[Round "11.34"]
[White "Sacristan Latorre, Alberto"]
[Black "Sebastian Bespin, Ruben"]
[Result "1-0"]
[WhiteElo "2061"]
[BlackElo "2153"]
[PlyCount "91"]
[EventDate "2014.01.25"]
[EventType "team-tourn"]
[EventRounds "11"]
[EventCountry "ESP"]
[SourceTitle "EXT 2015"]
[Source "ChessBase"]
[SourceDate "2014.11.20"]
[SourceVersion "1"]
[SourceVersionDate "2014.11.20"]
[SourceQuality "1"]
[WhiteTeam "Pedro Cerbuna"]
[BlackTeam "Marcos Frechin"]
[WhiteTeamCountry "ESP"]
[BlackTeamCountry "ESP"]

1. e4 e6 2. d4 d5 3. Nd2 Nf6 4. e5 Nfd7 5. Bd3 c5 6. c3 Nc6 7. Ne2 Qb6 8. Nf3 cxd4 9. cxd4 f6 10. exf6 Nxf6 11. 0-0 Bd6 12. Nc3 0-0 13. Be3 Bd7 14. Re1 Rae8 15. Ne5 Bc8 16. a3 Kh8 17. b4 Re7 18. f4 Qd8 19. Qf3 Qe8 20. Rf1 g6 21. Qh3 Kg8 22. Rf3 Rg7 23. Raf1 a5 24. Nb5 Bb8 25. bxa5 Nxa5 26. Bd2 Nc6 27. Re1 Ne4 28. Bxe4 Nxe5 29. fxe5 dxe4 30. Rxf8+ Qxf8 31. Bh6 Bd7 32. Bxg7 Kxg7 33. Rf1 Qe7 34. Qb3 Bc6 35. a4 Bd5 36. Qc2 e3 37. Qe2 Qg5 38. g3 h5 39. Rf4 h4 40. Qxe3 Qh5 41. g4 Qh8 42. Rf6 h3 43. Qg5 Be4 44. Qf4 Qc8 45. Qxe4 Qc1+ 46. Rf1 1-0

[Event "Aragon-chT Preferente A"]
[Site "Aragon"]
[Date "2014.01.25"]
[Round "1.45"]
[White "Felez Casedas, Carlos"]
[Black "Sacristan Latorre, Alberto"]
[Result "1/2-1/2"]
[WhiteElo "2019"]
[BlackElo "2061"]
[PlyCount "82"]
[EventDate "2014.01.25"]
[EventType "team-tourn"]
[EventRounds "9"]
[EventCountry "ESP"]
[SourceTitle "EXT 2015"]
[Source "ChessBase"]
[SourceDate "2014.11.20"]
[SourceVersion "1"]
[SourceVersionDate "2014.11.20"]
[SourceQuality "1"]
[WhiteTeam "La Aurora Estadilla II"]
[BlackTeam "Pedro Cerbuna"]
[WhiteTeamCountry "ESP"]
[BlackTeamCountry "ESP"]

1. e4 c5 2. Nf3 e6 3. d3 Nc6 4. g3 d6 5. Bg2 Nf6 6. 0-0 Be7 7. c3 0-0 8. Nbd2 Bd7 9. a4 Qc7 10. Nc4 e5 11. Bg5 Be6 12. Ne3 h6 13. Bxf6 Bxf6 14. Nd5 Bxd5 15. exd5 Ne7 16. Nd2 g6 17. Nc4 Rae8 18. Qd2 Bg5 19. Qe2 Qd7 20. h4 Bf6 21. h5 g5 22. Be4 Bg7 23. g4 f5 24. gxf5 Nxf5 25. Qg4 Rd8 26. Bxf5 Qxf5 27. Qxf5 Rxf5 28. Kg2 Rd7 29. Rae1 Bf8 30. Re4 Rdf7 31. f3 Be7 32. Ne3 Rf4 33. Ng4 Kg7 34. Rxf4 gxf4 35. Nf2 Rf5 36. Rh1 Kf7 37. Ne4 Ke8 38. Kf1 Kf7 39. Ke2 Ke8 40. Kd2 Kd7 41. Kc2 Rf7 1/2-1/2

[Event "Aragon-chT Honor GrB"]
[Site "Aragon"]
[Date "2013.03.02"]
[Round "6.18"]
[White "Sacristan Latorre, Alberto"]
[Black "Cerrajeria Ruiz, Jesus Maria"]
[Result "1-0"]
[WhiteElo "2063"]
[BlackElo "2155"]
[PlyCount "111"]
[EventDate "2013.01.26"]
[EventType "team"]
[EventRounds "7"]
[EventCountry "ESP"]
[SourceTitle "EXT 2014"]
[Source "ChessBase"]
[SourceDate "2013.11.20"]
[SourceVersion "1"]
[SourceVersionDate "2013.11.20"]
[SourceQuality "1"]
[WhiteTeam "Ramiro"]
[BlackTeam "Helios"]
[WhiteTeamCountry "ESP"]
[BlackTeamCountry "ESP"]

1. e4 c5 2. Ne2 g6 3. d4 Bg7 4. Nbc3 cxd4 5. Nxd4 Nc6 6. Be3 Nf6 7. Bc4 Qa5 8. 0-0 0-0 9. Bb3 d6 10. h3 Bd7 11. Re1 Qh5 12. Qxh5 Nxh5 13. Rad1 Rfc8 14. Nd5 Kf8 15. Nxc6 bxc6 16. Nc3 Be5 17. Bd4 Bxd4 18. Rxd4 c5 19. Rd2 f6 20. Bc4 Rab8 21. b3 g5 22. Nd5 Bb5 23. Bxb5 Rxb5 24. c4 Rb7 25. Rf1 e6 26. Nc3 Ke7 27. g3 a6 28. Rfd1 Rc6 29. Kg2 h6 30. Ne2 a5 31. Nc3 Ng7 32. Nb5 Rd7 33. f4 gxf4 34. gxf4 e5 35. f5 Nh5 36. Kf3 Nf4 37. h4 Ra6 38. a4 Rb6 39. Rg1 Kf8 40. Rg3 Kf7 41. Rd1 Nh5 42. Rg6 Nf4 43. Rg4 h5 44. Rg3 Re7 45. Rdg1 Ke8 46. Rg8+ Kd7 47. Ra8 Rb7 48. Rgg8 Rh7 49. Rxa5 Ke7 50. Raa8 Rd7 51. a5 Nd3 52. a6 Nb4 53. a7 d5 54. Rae8+ Kf7 55. Ref8+ Ke7 56. a8Q 1-0